000 00454pab a2200169 454500
008 180718b2007 xxu||||| |||| 00| 0 eng d
100 _aAmruth M.
245 _aSilences and the impossibility of confabulation after Godhra
260 _c2007
300 _ap.23-25.
362 _a8 Dec
650 _aGujarat - Politics and government
650 _aPolitics and government
773 _aEconomic and Political Weekly
908 _aN
909 _a76635
999 _c76635
_d76635